Statistics for UK Prime Ministers Rejoining Cabinet

Click here to take the quiz!

General Stats

  • This quiz has been taken 26 times
    (12 since last reset)
  • The average score is 8 of 12

Answer Stats

PM TermParty/ Later positions heldPrime Minister% Correct
2010–2016Conservative
Secretary of State for Foreign, Commonwealth
and Development Affairs 2023-
David Cameron
100%
1937–1940Conservative
Lord President of the Council 1940
Neville Chamberlain
100%
1963–1964Conservative
Secretary of State for Foreign and Commonwealth
Affairs 1970-74
Alec Douglas-Home
90%
1924, 1929–1935Labour/National Labour
Lord President of the Council 1935-37
Ramsay MacDonald
90%
1923–1924, 1924–1929, 1935–1937Conservative
Lord President of the Council 1931-35
Stanley Baldwin
90%
1902–1905Conservative
First Lord of the Admiralty 1915-16
Foreign Secretary 1916-19
Lord President of the Council 1919-22, 1925-29
Arthur Balfour
80%
1828–1830, 1834Tory
Foreign Secretary 1834-35
Leader of the House of Lords 1841-46
Duke of Wellington
60%
1770–1782Tory
Home Secretary 1783
Lord Frederick North
40%
1783, 1807–1809Tory
Home Secretary 1794-1801
Lord President of the Council 1801-1805
Duke of Portland
30%
1801–1804Tory
Lord President of the Council 1805, 1806-7, 1812
Home Secretary 1812-1822
Henry Addington
30%
1846–1852, 1865–1866Liberal/Whig
Lord President of the Council 1854-55
Secretary of State for the Colonies 1855
Foreign Secretary 1853-55, 1859-65
Lord John Russell
30%
1827–1828Tory
Secretary of State for War and the Colonies 1830-33
Lord Keeper of the Privy Seal 1833-34
President of the Board of Trade 1841-43
President of the Board of Control 1843-46
Viscount Goderich
30%

Score Distribution

Percentile by Number Answered

Percent of People with Each Score

Your Score History

You have not taken this quiz since the last reset